| 000 | 00370nam a22001457a 4500 | ||
|---|---|---|---|
| 003 | MACL | ||
| 005 | 20191122161023.0 | ||
| 008 | 191122b xxu||||| |||| 00| 0 eng d | ||
| 040 | _cMACL | ||
| 100 |
_aSubramanian Swamy _977240 |
||
| 245 | _aThe Ideology of India's Modern Right | ||
| 260 |
_aDelhi _bHaR - Anand Pub _c2018 |
||
| 650 |
_aRight _977241 |
||
| 942 |
_2ddc _cBK |
||
| 999 |
_c61377 _d61377 |
||